Giáo trình phương pháp tính Dùng cho sinh viên trường Bách khoa đại học Hà Nội và các trường đại học khác

Guardat en:
Dades bibliogràfiques
Autor principal: DƯƠNG THỦY VỸ
Format: Llibre
Idioma:Undetermined
Publicat: Hà Nội KHKT 2001
Matèries:
Etiquetes: Afegir etiqueta
Sense etiquetes, Sigues el primer a etiquetar aquest registre!
Thư viện lưu trữ: Trung tâm Học liệu Trường Đại học Cần Thơ
LEADER 00592nam a2200181Ia 4500
001 CTU_46644
008 210402s9999 xx 000 0 und d
082 |a 515 
082 |b V600/2001 
100 |a DƯƠNG THỦY VỸ 
245 0 |a Giáo trình phương pháp tính 
245 0 |b Dùng cho sinh viên trường Bách khoa đại học Hà Nội và các trường đại học khác 
245 0 |c DƯƠNG THỦY VỸ 
260 |a Hà Nội 
260 |b KHKT 
260 |c 2001 
650 |a calculus 
980 |a Trung tâm Học liệu Trường Đại học Cần Thơ